01684cam a22003255a 4500001001200000003000400012005001700016008004100033020001800074040003800092082002000130245007500150246004100225246002400266250001200290260007000302300002800372500018400400504005100584505001800635520031400653650005500967651001001022653003601032700003401068856006901102942002001171999001701191952015001208ocm85485151OSt20160623121711.0070223t2007 njua frbe 001 0 eng d a9780471484998 aDLCbengcDLCdEG-ScBUEdEG-ScBUE04a660.03bKIR22200aKirk-Othmer encyclopedia of chemical technology /cEditor Arza Seidel.30aEncyclopedia of chemical technology 30aChemical technology a5th ed. aHoboken :bWiley-Interscience / John Wiley & Sons, Inc.,cc.2007. av. 23 :bill. ;c26 cm. aKirk-Othmer encyclopedia of chemical technology is available online in full color and with additional content at http://www.interscience.wiley.com/cgi-bin/mrwhome/104554789/HOME. aIncludes bibliographical references and index. av. 23. So-Su. aThe fifth edition of the Kirk-Othmer Encyclopedia of Chemical Technology, builds upon the solid foundation of the previous editions, which have proven to be a mainstay for chemists, biochemists, and engineers at academic, industrial, and government institutions since publication of the first edition in 1949. 7aChemistry, TechnicalvEncyclopedias.2BUEsh940304 2BUEsh bENGCHEcSeptember2015cJune20161 aSeidel, Arza,eeditor.94030540uhttp://www.interscience.wiley.com/cgi-bin/mrwhome/104554789/HOME 2ddck660.03 KIR c20817d20789 00102ddc40708BaccahaMAINbMAINc0THd2015-09-01epurchaseg3908.00h23317l0o660.03 KIRp000030895r2025-07-15 00:00:00v4884.00yREFERENCE